000
00295nam a2200121Ia 4500
005
20251222152034.0
008
251222s9999||||xx |||||||||||||| ||spa||
082
_a
635/E38
245
0
_a
Manual Práctico de la Jardinería
250
_a
1ra. ed.
264
_b
Diario el País, S.A.
942
_c
LIB
999
_c
25797
_d
25797